[Event "29th Czech Open B 2018"]
[Site "Pardubice CZE"]
[Date "2018.07.26"]
[Round "7.10"]
[White "Slonimskij, Arkadij"]
[Black "Janzekovic, Klemen"]
[Result "1-0"]
[WhiteElo "2114"]
[BlackElo "2008"]
[WhiteFideId "4113420"]
[BlackFideId "14604914"]
[EventDate "2018.07.20"]

1. d4 Nf6 2. c4 g6 3. Nc3 Bg7 4. e4 d6 5. Be2 O-O 6. g4 c5 7. d5 e6 8. g5 Ne8 9.
Be3 exd5 10. cxd5 a6 11. a4 f5 12. exf5 Bxf5 13. Nf3 Qe7 14. Nd2 Bd4 15. Nc4
Bxe3 16. fxe3 Qxg5 17. Qb3 Nd7 18. Kd2 Rb8 19. h4 Qe7 20. a5 Nef6 21. Rhg1 Ne5
22. h5 Nxc4+ 23. Qxc4 Ne4+ 24. Nxe4 Qxe4 25. hxg6 hxg6 26. Qb3 Rbe8 27. Ra4 Qe5
28. Rh4 Re7 29. Bg4 Qf6 30. Rh2 Rxe3 31. Qxe3 Qxb2+ 32. Ke1 Qb4+ 33. Qd2 Qb1+
34. Bd1 Qe4+ 35. Re2 Qh4+ 36. Rf2 Bd3 37. Qe3 Qb4+ 38. Qd2 Qh4 39. Bg4 Bf5 40.
Bxf5 Rxf5 41. Rxg6+ Kf7 42. Rh6 Qe4+ 43. Kf1 Qb1+ 44. Kg2 Qe4+ 45. Kg1 1-0

[Event "29th Czech Open B 2018"]
[Site "Pardubice CZE"]
[Date "2018.07.26"]
[Round "7.11"]
[White "Koehn, Lennart"]
[Black "Kong, Ren En"]
[Result "1/2-1/2"]
[WhiteElo "2087"]
[BlackElo "1859"]
[WhiteFideId "12938041"]
[BlackFideId "5718074"]
[EventDate "2018.07.20"]

1. e4 c5 2. Nf3 g6 3. d4 cxd4 4. Nxd4 Nc6 5. c4 Nf6 6. Nc3 d6 7. Be2 Nxd4 8.
Qxd4 Bg7 9. Be3 O-O 10. Qd2 a5 11. Rc1 a4 12. f3 Be6 13. O-O Nd7 14. Nb5 Nc5 15.
Rfd1 Qa5 16. Nd4 Bd7 17. Nb5 Rfc8 18. Qxa5 Rxa5 19. Bd4 Bh6 20. Rc3 Raa8 21. Be3
Bxe3+ 22. Rxe3 Bxb5 23. cxb5 a3 24. bxa3 Na4 25. e5 Nc3 26. Rd2 Rxa3 27. exd6
exd6 28. Re7 b6 29. Rxd6 Rxa2 30. Kf1 Kf8 31. Re3 Rb2 32. Re5 Nxe2 33. Rxe2 Rxb5
34. Rd7 Rf5 35. Rb7 b5 36. Kf2 h5 37. Rb2 Rcc5 38. h4 Kg7 39. Re2 Rc4 40. Rb2
Rcc5 41. Re2 g5 42. hxg5 Rxg5 43. Rd2 h4 44. Rb2 Rgf5 45. Rb6 f6 46. Rb4 Rc2+
47. Kg1 Rg5 48. Rxh4 Rcxg2+ 49. Kf1 Rb2 50. Rg4 Rxg4 51. fxg4 Kg6 52. Ke1 Kg5
53. Kd1 b4 54. Kc1 Rb3 55. Kd2 Kg6 56. Rb7 Kh6 57. Rb5 Kg6 58. Rb7 Kg5 59. Rb6
Rb2+ 60. Kc1 Rb3 61. Kd2 Rb2+ 62. Kc1 Rg2 63. Rxb4 Rxg4 64. Rb5+ f5 65. Kd2 Re4
66. Kd3 Kg4 67. Rb1 Re7 68. Rg1+ Kh4 69. Rf1 Re5 70. Kd4 Re4+ 71. Kd3 Kg5 72.
Rg1+ Rg4 73. Ra1 Rg3+ 74. Ke2 f4 75. Kf2 Kg4 76. Ra8 Rh3 1/2-1/2

[Event "29th Czech Open B 2018"]
[Site "Pardubice CZE"]
[Date "2018.07.26"]
[Round "7.12"]
[White "Yakimenko, Alexander A."]
[Black "Kourek, Josef"]
[Result "1/2-1/2"]
[WhiteElo "2035"]
[BlackElo "2080"]
[WhiteFideId "24141917"]
[BlackFideId "304107"]
[EventDate "2018.07.20"]

1. e4 c5 2. Nf3 d6 3. Bb5+ Nc6 4. O-O Bd7 5. Re1 e6 6. a4 Be7 7. Na3 Nf6 8. Nc4
O-O 9. d3 Qc7 10. Bf4 e5 11. Bg5 a6 12. Bxc6 bxc6 13. h3 h6 14. Bxf6 Bxf6 15. a5
Be6 16. Qd2 Rab8 17. b3 Qe7 18. Kh2 Bg5 19. Nxg5 hxg5 20. g4 g6 21. Rab1 Kg7 22.
Kg2 Rh8 23. c3 Rh4 24. f3 Rbh8 25. Rh1 f5 26. Ne3 Qd7 27. d4 d5 28. exd5 Bxd5
29. Nxd5 Qxd5 30. Qxg5 fxg4 31. Qe7+ Kg8 32. Qe8+ Kg7 33. Qe7+ Kg8 34. Qe8+ Kg7
35. Qe7+ Kg8 36. hxg4 Rxh1 37. Qe8+ Kg7 38. Qe7+ Kg8 39. Qe8+ Kg7 40. Qe7+ 1/2-1/2

[Event "29th Czech Open B 2018"]
[Site "Pardubice CZE"]
[Date "2018.07.26"]
[Round "7.13"]
[White "Usacheva, Glafira"]
[Black "Gramb, Marius"]
[Result "1/2-1/2"]
[WhiteElo "1904"]
[BlackElo "2123"]
[WhiteFideId "34119741"]
[BlackFideId "24656593"]
[EventDate "2018.07.20"]

1. d4 Nf6 2. c4 e6 3. Nf3 d5 4. g3 Bb4+ 5. Bd2 Be7 6. Bg2 O-O 7. O-O c6 8. Qc2
Nbd7 9. b3 Ne4 10. Bf4 f5 11. Nc3 Ndf6 12. Rad1 Qe8 13. Ne5 g5 14. Bc1 Qh5 15.
c5 Nd7 16. Nxd7 Bxd7 17. f4 Nxc3 18. Qxc3 h6 19. Rf2 b5 20. b4 a5 21. bxa5 Bd8
22. Qb3 Rxa5 23. e3 Bc7 24. Bf3 Qg6 25. Rg2 Rfa8 26. Rdd2 Qe8 27. Bd1 Qb8 28.
Qd3 Be8 29. Bb3 Bh5 30. Rgf2 Qe8 31. Qf1 Kh7 32. Bd1 Bxd1 33. Qxd1 Qg6 34. Kh1
g4 35. Rb2 Ra4 36. Rfc2 Kg7 37. Bd2 Kf7 38. Be1 Ke7 39. Kg1 Kd7 40. Qd3 Ra3 41.
Qe2 Qg7 42. Bb4 R3a4 43. Qd2 h5 44. Qf2 Bd8 45. Be1 Bf6 46. Qe2 Rh8 47. Rxb5 Ra7
48. Rb6 Rha8 49. Rcb2 Bd8 50. Rb7+ Bc7 51. Qc2 Qf8 52. Qb1 Qc8 53. Rxa7 1/2-1/2

[Event "29th Czech Open B 2018"]
[Site "Pardubice CZE"]
[Date "2018.07.26"]
[Round "7.14"]
[White "Haase, Pavel"]
[Black "Boehning, Kilian"]
[Result "1-0"]
[WhiteTitle "CM"]
[WhiteElo "1994"]
[BlackElo "2122"]
[WhiteFideId "360392"]
[BlackFideId "1270499"]
[EventDate "2018.07.20"]

1. d4 f5 2. c4 g6 3. Nc3 Nf6 4. g3 Bg7 5. Bg2 O-O 6. Nh3 d6 7. d5 c6 8. O-O Bd7
9. e4 fxe4 10. Ng5 Na6 11. Ngxe4 Nxe4 12. Nxe4 Kh8 13. Be3 c5 14. Qd2 Qe8 15.
Rae1 Qf7 16. Bh6 Rae8 17. Bxg7+ Qxg7 18. Re3 Nb4 19. a3 Na6 20. Rfe1 h6 21. b4
b6 22. bxc5 Nxc5 23. Nxc5 dxc5 24. Re5 Rf5 25. R5e4 1-0

[Event "29th Czech Open B 2018"]
[Site "Pardubice CZE"]
[Date "2018.07.26"]
[Round "7.15"]
[White "Lugovoy, Dmitry"]
[Black "Anatskiy, Alexey"]
[Result "1/2-1/2"]
[WhiteElo "2118"]
[BlackElo "1993"]
[WhiteFideId "24131644"]
[BlackFideId "14119323"]
[EventDate "2018.07.20"]

1. d4 d5 2. Bg5 Nd7 3. Nf3 Ngf6 4. Nbd2 c6 5. e3 g6 6. Bd3 Bg7 7. Qe2 Qc7 8. Bf4
Qb6 9. Rb1 Nh5 10. Bg5 h6 11. Bh4 Qc7 12. g4 Nhf6 13. Bg3 Qb6 14. h3 O-O 15. c3
Re8 16. Ne5 Nxe5 17. dxe5 Ne4 18. Nxe4 dxe4 19. Bxe4 Be6 20. b4 a5 21. b5 Qc5
22. O-O Bc4 23. Bd3 Bxd3 24. Qxd3 Bxe5 25. Bxe5 Qxe5 26. Qd4 Qg5 27. bxc6 bxc6
28. Rfd1 h5 29. Kg2 e5 30. Qc4 hxg4 31. Qxg4 Qf6 32. Rd7 Rab8 33. Rbd1 Rb2 34.
R1d2 Rb5 35. R7d6 Qe7 36. Rxc6 e4 37. Rd7 Qg5 38. Rcc7 Rf5 39. Qxg5 Rxg5+ 40.
Kf1 Rf5 41. Re7 Rb8 42. Rb7 Rc8 43. Rbc7 Rb8 44. Rb7 Rc8 45. Rxe4 Rxc3 46. Rb2
Ra3 47. Kg2 Kg7 48. Kg3 Rg5+ 49. Rg4 Rf5 50. Rf4 Rxf4 51. Kxf4 Kf6 52. Rb6+ Kg7
53. Rb2 Kf6 54. Rc2 Ra4+ 55. Kg3 Ra3 56. Rb2 Kf5 57. Kf3 Kg5 58. Kg3 f5 59. Rd2
Ra4 60. Re2 Ra3 61. f3 Kf6 62. h4 Ra4 63. e4 fxe4 64. fxe4 Ke5 65. Kg4 Ra3 66.
Kg5 Rg3+ 67. Kh6 a4 68. Rb2 Rg4 69. Rb5+ Ke6 70. Rb4 Ke5 71. Rxa4 Rxh4+ 72. Kxg6
Rxe4 73. Ra5+ Kd6 74. Kf5 Re1 75. Rb5 Kc6 76. Rb2 Kc7 77. a4 Kc6 78. Ra2 Kb6 79.
a5+ Ka6 80. Ra3 Rb1 81. Ke5 Rb5+ 82. Kd6 Rxa5 83. Rxa5+ Kxa5 1/2-1/2

[Event "29th Czech Open B 2018"]
[Site "Pardubice CZE"]
[Date "2018.07.26"]
[Round "7.16"]
[White "Barak, Gil"]
[Black "Balenovic, Zvonimir"]
[Result "1/2-1/2"]
[BlackTitle "FM"]
[WhiteElo "1993"]
[BlackElo "2114"]
[WhiteFideId "2812690"]
[BlackFideId "14501252"]
[EventDate "2018.07.20"]

1. e4 d6 2. d4 Nf6 3. Nc3 g6 4. Nf3 Bg7 5. Be2 O-O 6. O-O c6 7. a4 a5 8. h3 Qc7
9. Be3 Nbd7 10. Qd2 Re8 11. Rfd1 e5 12. dxe5 dxe5 13. Ng5 Nf8 14. Bc4 Be6 15.
Nxe6 Nxe6 16. Bxe6 Rxe6 17. Qd3 Ree8 18. Qc4 Qc8 19. Rd6 Rd8 20. Rxd8+ Qxd8 21.
Rd1 Qc7 22. Qb3 Qe7 23. Qb6 Bf8 24. Bg5 Bg7 25. Be3 Bf8 26. Bg5 Bg7 27. Qe3 h5
28. Rd3 Rd8 29. Rxd8+ Qxd8 30. Qa7 Qc7 31. Qc5 Bf8 32. Qc4 Ne8 33. Be3 Nd6 34.
Qb3 b5 35. axb5 Nxb5 36. Nxb5 cxb5 37. Qxb5 Qxc2 38. Qxa5 Qxb2 39. Qd8 Kg7 40.
Kh2 Qa3 41. Qd5 Qd6 1/2-1/2

[Event "29th Czech Open B 2018"]
[Site "Pardubice CZE"]
[Date "2018.07.26"]
[Round "7.17"]
[White "Poliakova, Emma"]
[Black "Mulenko, Alexander"]
[Result "1-0"]
[WhiteElo "1979"]
[BlackElo "2109"]
[WhiteFideId "73601144"]
[BlackFideId "24105430"]
[EventDate "2018.07.20"]

1. e4 c5 2. Nf3 g6 3. d4 Bg7 4. c4 cxd4 5. Nxd4 b6 6. Nc3 Bb7 7. Be3 Nc6 8. Be2
Nf6 9. O-O O-O 10. f3 Qb8 11. Qd2 Rd8 12. Rac1 d6 13. Rfd1 Rd7 14. Ncb5 Qf8 15.
b3 Ne8 16. Nxc6 Bxc6 17. Nd4 Bb7 18. Rc2 Nc7 19. Bd3 Rad8 20. Rdc1 Ne6 21. Nb5
Ba8 22. Kh1 Rb8 23. b4 a6 24. Nc3 Nd4 25. Rb2 b5 26. Bf1 Ne6 27. cxb5 axb5 28.
Rbc2 Nc7 29. Ne2 Qd8 30. Nc3 d5 31. exd5 Nxd5 32. Nxd5 Rxd5 33. Qe2 h5 34. Ba7
Bh6 35. Bxb8 Bxc1 36. Bc7 Qd7 37. Rxc1 Rd2 38. Qxb5 Qd4 39. Be5 1-0

[Event "29th Czech Open B 2018"]
[Site "Pardubice CZE"]
[Date "2018.07.26"]
[Round "7.18"]
[White "Adloff, Ralf"]
[Black "Ilandzis, Spyridon"]
[Result "1/2-1/2"]
[WhiteElo "2091"]
[BlackElo "1980"]
[WhiteFideId "24608696"]
[BlackFideId "4200276"]
[EventDate "2018.07.20"]

1. e4 c5 2. Be2 g6 3. d3 Bg7 4. f4 Nc6 5. Nf3 e6 6. O-O Nge7 7. c3 O-O 8. Be3 b6
9. Na3 d5 10. Bf2 Ba6 11. e5 f6 12. d4 Bxe2 13. Qxe2 fxe5 14. fxe5 cxd4 15. cxd4
Rf4 16. Qd2 Rf8 17. Nb5 Nf5 18. g4 Nh6 19. Bh4 Qd7 20. h3 Nxe5 21. Nxe5 Qxb5 22.
Bg5 Nf7 23. Nxf7 Rxf7 24. Rxf7 Kxf7 25. Bh6 Rf8 26. Rf1+ Kg8 27. Rxf8+ Bxf8 28.
Bxf8 Kxf8 29. Qf4+ Ke7 30. g5 Qe8 31. Qc7+ Qd7 32. Qe5 Kd8 33. Qb8+ Qc8 34. Qd6+
Ke8 35. Qf4 a5 36. a3 b5 37. h4 b4 38. axb4 axb4 39. Kh1 Qa6 40. Qb8+ Kd7 41.
Qxb4 Qf1+ 42. Kh2 Qf2+ 43. Kh3 1/2-1/2

[Event "29th Czech Open B 2018"]
[Site "Pardubice CZE"]
[Date "2018.07.26"]
[Round "7.19"]
[White "Drozdowski, Konrad"]
[Black "Otruba, Marek"]
[Result "1/2-1/2"]
[WhiteElo "2076"]
[BlackElo "1975"]
[WhiteFideId "1106279"]
[BlackFideId "382418"]
[EventDate "2018.07.20"]

1. c4 e6 2. g3 d5 3. Bg2 Nf6 4. Nf3 Be7 5. O-O O-O 6. b3 b6 7. Bb2 Bb7 8. cxd5
Nxd5 9. Nc3 Nd7 10. Nxd5 Bxd5 11. Rc1 c5 12. d4 Nf6 13. e3 Rc8 14. Qe2 cxd4 15.
Bxd4 Rxc1 16. Rxc1 Qa8 17. Ne1 Bxg2 18. Nxg2 Rc8 19. Rxc8+ Qxc8 20. Qb2 Ne8 21.
Ne1 Bf6 22. Bxf6 1/2-1/2

[Event "29th Czech Open B 2018"]
[Site "Pardubice CZE"]
[Date "2018.07.26"]
[Round "7.20"]
[White "Rozmanov, Aleksandr"]
[Black "Brenninger, Daniel"]
[Result "1-0"]
[WhiteElo "2075"]
[BlackElo "1975"]
[WhiteFideId "34136026"]
[BlackFideId "864129"]
[EventDate "2018.07.20"]

1. e4 e6 2. Nf3 d5 3. Nc3 Nf6 4. e5 Nfd7 5. d4 c5 6. dxc5 Nc6 7. Bf4 Bxc5 8. Bd3
a6 9. O-O h6 10. Bg3 g5 11. Re1 h5 12. h4 Be7 13. hxg5 Bxg5 14. Qe2 h4 15. Bh2
Nc5 16. Rad1 Bd7 17. a3 Bh6 18. Bf5 exf5 19. Nxd5 Ne4 20. Nf6+ Nxf6 21. exf6+
Kf8 22. Ne5 Nb8 23. Qh5 Qxf6 24. Rxd7 1-0

[Event "29th Czech Open B 2018"]
[Site "Pardubice CZE"]
[Date "2018.07.26"]
[Round "7.21"]
[White "Kusa, Jakub"]
[Black "Ochirbat, Lkhagvajamts"]
[Result "1-0"]
[BlackTitle "CM"]
[WhiteElo "2061"]
[BlackElo "1933"]
[WhiteFideId "395595"]
[BlackFideId "4903153"]
[EventDate "2018.07.20"]

1. e4 e6 2. d4 d5 3. Nd2 dxe4 4. Nxe4 Nd7 5. Nf3 Ngf6 6. Bd3 Nxe4 7. Bxe4 Nf6 8.
Bg5 Qd6 9. Bd3 Qb4+ 10. Bd2 Qxb2 11. O-O Qa3 12. Ne5 Qd6 13. Bf4 Qd8 14. Bg5 Be7
15. Re1 c6 16. c3 h6 17. Bh4 Bd7 18. Rb1 b6 19. Qf3 Qc7 20. Bg3 Bd6 21. c4 Bxe5
22. Bxe5 Qd8 23. Bd6 Rc8 24. c5 b5 25. Re5 Nd5 26. Rbe1 Qf6 27. Rf5 Qg6 28. Rxd5
Qxd3 29. Qxd3 cxd5 30. Qg3 Rg8 31. Qh4 f6 32. f4 Kd8 33. f5 Re8 34. Qg4 exf5 35.
Rxe8+ Bxe8 36. Qxg7 1-0

[Event "29th Czech Open B 2018"]
[Site "Pardubice CZE"]
[Date "2018.07.26"]
[Round "7.22"]
[White "Gorbatenko, Alexander"]
[Black "Wiesner, Alexander"]
[Result "1/2-1/2"]
[WhiteElo "2049"]
[BlackElo "1918"]
[WhiteFideId "4145976"]
[BlackFideId "12943991"]
[EventDate "2018.07.20"]

1. d4 d5 2. c4 Nc6 3. Nf3 Bg4 4. e3 e5 5. Be2 exd4 6. Nxd4 Bxe2 7. Qxe2 Bb4+ 8.
Nc3 Nge7 9. O-O O-O 10. Nxc6 bxc6 11. Rd1 Bxc3 12. bxc3 Qd6 13. a4 Qe6 14. Ba3
Rfd8 15. Bc5 Ng6 16. a5 a6 17. Rd4 Ne5 18. Rad1 h6 19. cxd5 cxd5 20. e4 Nc6 21.
Rxd5 Rxd5 22. Rxd5 Nxa5 23. Qd3 Nc6 24. h3 a5 25. f4 Rb8 26. e5 Qe8 27. Rd7 Rd8
28. Rxd8 Qxd8 29. Qc4 Qd7 30. Qe4 Qe8 31. Kh2 g6 32. Ba3 Qe6 33. Qd3 Qb3 34. Qd7
Qxa3 35. Qxc6 a4 36. e6 fxe6 37. Qxe6+ Kg7 38. Qe5+ Kg8 39. Qe8+ Kg7 40. Qe5+
Kg8 41. Qe8+ Kg7 1/2-1/2

[Event "29th Czech Open B 2018"]
[Site "Pardubice CZE"]
[Date "2018.07.26"]
[Round "7.23"]
[White "Malivanek, Jiri"]
[Black "Sim, Jia Ru"]
[Result "1-0"]
[WhiteElo "2047"]
[BlackElo "1917"]
[WhiteFideId "304816"]
[BlackFideId "5716110"]
[EventDate "2018.07.20"]

1. e4 c5 2. Nf3 e6 3. d4 cxd4 4. Nxd4 Nc6 5. c4 Nf6 6. Nc3 Bb4 7. Nxc6 bxc6 8.
Bd3 e5 9. O-O O-O 10. Be3 d6 11. f3 Qa5 12. Na4 d5 13. a3 Be7 14. b4 Qd8 15.
exd5 cxd5 16. cxd5 Nxd5 17. Bf2 Bg5 18. Re1 Be6 19. Nc5 Qf6 20. Qc2 Qh6 21. Nxe6
fxe6 22. Be4 Rac8 23. Bc5 Bd2 24. Bxd5 Bxe1 25. Bb7 Bd2 26. Bxc8 Rxc8 27. Qe4
Rd8 28. Rf1 Bf4 29. g3 Qg5 30. Kf2 Bc1 31. Kg1 Bf4 32. Kh1 Rd2 33. Bf2 Qh5 34.
gxf4 Qh3 35. Kg1 exf4 36. Qxf4 Rd5 37. Bg3 h6 38. Qg4 Qxg4 39. fxg4 Rd3 40. Ra1
Rd4 41. h3 Rd3 42. Kg2 Rd2+ 43. Bf2 Kf7 44. a4 e5 45. Kf3 Ke6 46. Bxa7 Kd5 47.
Re1 g5 48. Bb8 Rd3+ 49. Re3 e4+ 50. Ke2 Rd4 51. Rb3 Kc4 52. Rb1 Rd3 53. b5 Rxh3
54. b6 Kd5 55. b7 1-0

[Event "29th Czech Open B 2018"]
[Site "Pardubice CZE"]
[Date "2018.07.26"]
[Round "7.24"]
[White "Cach, Jakub"]
[Black "Killmann, Martin"]
[Result "1-0"]
[WhiteElo "2044"]
[BlackElo "1855"]
[WhiteFideId "332933"]
[BlackFideId "24651559"]
[EventDate "2018.07.20"]

1. e4 e6 2. d4 d5 3. exd5 exd5 4. Bd3 Nc6 5. Ne2 Bd6 6. Nbc3 Nb4 7. Bf4 c6 8. f3
Ne7 9. Qd2 Nxd3+ 10. cxd3 Ng6 11. Be3 Bf5 12. O-O-O Qa5 13. g4 Bd7 14. h4 h5 15.
Nf4 Nxf4 16. Bxf4 Qc7 17. Rde1+ Be6 18. Bxd6 Qxd6 19. Qg5 hxg4 20. fxg4 Qe7 21.
Qxg7 O-O-O 22. g5 Rh5 23. Ne2 Qd6 24. Ref1 Rdh8 25. Rf4 Qd8 26. Ng3 R5h7 27. Qe5
Rg8 28. Rf6 Kd7 29. h5 Qb8 30. Qe3 Bg4 31. Rhf1 Qe8 32. Qf4 Be6 33. Re1 Qd8 34.
g6 Qa5 35. Re2 fxg6 36. Rfxe6 Rhh8 37. Re7+ Kc8 38. Qg4+ Kb8 39. Qd7 b6 40. Qb7# 1-0

[Event "29th Czech Open B 2018"]
[Site "Pardubice CZE"]
[Date "2018.07.26"]
[Round "7.25"]
[White "Verny, David"]
[Black "Kubat, Pavel"]
[Result "1-0"]
[WhiteElo "1782"]
[BlackElo "2010"]
[WhiteFideId "2823349"]
[BlackFideId "325678"]
[EventDate "2018.07.20"]

1. e4 e5 2. f4 exf4 3. Nf3 d6 4. Bc4 Qe7 5. O-O g5 6. d4 h6 7. e5 Bg7 8. Re1 Kd8
9. exd6 Qxd6 10. Bxf7 Ne7 11. b3 c5 12. Ba3 Na6 13. Nc3 Bd7 14. Ne4 Bxd4+ 15.
Kh1 Qb6 16. Nxd4 cxd4 17. Nxg5 Nf5 18. Ne6+ Kc8 19. Qg4 Ne3 20. Qg7 Bxe6 21.
Qxh8+ Kd7 22. Bxe6+ Kxe6 23. Qxa8 Qc6 24. Qg8+ Kf5 25. Rxe3 dxe3 26. Qf7+ Kg4
27. Rf1 Qe4 28. h3+ Kg3 29. Qg7+ Kh4 30. Qg4# 1-0

[Event "29th Czech Open B 2018"]
[Site "Pardubice CZE"]
[Date "2018.07.26"]
[Round "7.26"]
[White "Polansky, Adam Lubos"]
[Black "Sheinkman, Lidan"]
[Result "1/2-1/2"]
[WhiteElo "2006"]
[BlackElo "1720"]
[WhiteFideId "364657"]
[BlackFideId "2818515"]
[EventDate "2018.07.20"]

1. d4 Nf6 2. Nf3 g6 3. g3 Bg7 4. Bg2 O-O 5. O-O d5 6. c4 dxc4 7. Na3 c3 8. bxc3
c5 9. Ne5 Nc6 10. Nac4 cxd4 11. Nxc6 bxc6 12. cxd4 Nd5 13. Bb2 Rb8 14. Rb1 Rb4
15. Ne5 Bxe5 16. dxe5 Bf5 17. e4 Bxe4 18. Bxe4 Rxe4 19. Qc2 Rb4 20. Qxc6 Qb6 21.
Qxb6 axb6 22. Rfd1 e6 23. Bd4 Rxb1 24. Rxb1 Ra8 25. Rb2 Ra4 26. Bxb6 Nxb6 27.
Rxb6 Rxa2 28. h4 Ra5 29. f4 h5 30. Kg2 Kg7 31. Rb7 Ra2+ 32. Kf3 Ra3+ 33. Kg2
Ra2+ 34. Kf3 1/2-1/2

[Event "29th Czech Open B 2018"]
[Site "Pardubice CZE"]
[Date "2018.07.26"]
[Round "7.27"]
[White "Vinokur, Leonid"]
[Black "Ashrafzianov, Igor"]
[Result "0-1"]
[WhiteElo "1684"]
[BlackElo "2004"]
[WhiteFideId "34171557"]
[BlackFideId "24122572"]
[EventDate "2018.07.20"]

1. d4 c5 2. Nf3 cxd4 3. Nxd4 Nc6 4. g3 Nf6 5. Bg2 e5 6. Nxc6 dxc6 7. Qxd8+ Kxd8
8. O-O Kc7 9. c4 Be6 10. b3 Nd7 11. Bb2 f6 12. Nc3 h5 13. Ne4 h4 14. Rfd1 hxg3
15. hxg3 a5 16. Rd2 a4 17. Rad1 axb3 18. axb3 Bb4 19. Rc2 Bf5 20. Bc3 Bxc3 21.
Rxc3 Bxe4 22. Bxe4 Nc5 23. Bc2 Ra3 24. Kg2 Kb6 25. Re3 Ra2 26. Rc1 Rb2 27. f4
Re8 28. Kf3 Ne6 29. Bd1 Nd4+ 30. Ke4 exf4+ 31. Kxf4 g5+ 0-1

[Event "29th Czech Open B 2018"]
[Site "Pardubice CZE"]
[Date "2018.07.26"]
[Round "7.29"]
[White "Pollock, Andy"]
[Black "Moroder, Stefan"]
[Result "0-1"]
[WhiteElo "1955"]
[BlackElo "2183"]
[WhiteFideId "460672"]
[BlackFideId "826537"]
[EventDate "2018.07.20"]

1. d4 g6 2. Nf3 Bg7 3. e4 d6 4. c3 Nf6 5. Bd3 Nbd7 6. O-O e5 7. Nbd2 O-O 8. Re1
h6 9. a4 Re8 10. h3 c6 11. Bc2 Qc7 12. Nc4 exd4 13. Bf4 Ne5 14. Qxd4 Nd5 15.
Bxe5 dxe5 16. Qd2 Nb6 17. Qd6 Qe7 18. Qxe7 Rxe7 19. Ne3 Be6 20. Red1 a5 21. Rd6
Rd7 22. Rxd7 Nxd7 23. Nd2 Nc5 24. Ndc4 Kf8 25. Nb6 Ra6 26. Nec4 Bf6 27. b4 axb4
28. cxb4 Nd7 29. Nxd7+ Bxd7 30. Nd6 Be7 31. Rd1 Be6 32. b5 cxb5 33. Nxb5 Rc6 34.
Bd3 Bb3 35. Ra1 Bc5 36. Kf1 h5 37. Ke2 h4 38. g3 Rf6 39. Rf1 hxg3 40. fxg3 Rxf1
41. Kxf1 Bxa4 42. Ke2 Ke7 43. h4 Kf8 44. g4 Be7 45. h5 gxh5 46. gxh5 Kg7 47. Kd2
Bb4+ 48. Ke3 Bd1 0-1

[Event "29th Czech Open B 2018"]
[Site "Pardubice CZE"]
[Date "2018.07.26"]
[Round "7.30"]
[White "Grashuis, Aldert-Jan"]
[Black "Alieva, Alexandra"]
[Result "0-1"]
[BlackTitle "WFM"]
[WhiteElo "1927"]
[BlackElo "2137"]
[WhiteFideId "1025163"]
[BlackFideId "24133353"]
[EventDate "2018.07.20"]

1. e4 e5 2. Nf3 Nc6 3. Nc3 Nf6 4. d4 Bb4 5. Bg5 exd4 6. Nxd4 h6 7. Nxc6 bxc6 8.
Bd2 O-O 9. Bd3 Re8 10. Qe2 d5 11. O-O-O c5 12. Be1 Bd7 13. Bb5 c6 0-1

[Event "29th Czech Open B 2018"]
[Site "Pardubice CZE"]
[Date "2018.07.27"]
[Round "8.1"]
[White "Mirzoeva, Elmira"]
[Black "Itgelt, Khuyagtsogt"]
[Result "1-0"]
[WhiteTitle "WGM"]
[WhiteElo "2249"]
[BlackElo "2018"]
[WhiteFideId "4127951"]
[BlackFideId "4902912"]
[EventDate "2018.07.20"]

1. Nf3 e6 2. c4 f5 3. g3 Nf6 4. Bg2 Be7 5. O-O O-O 6. Nc3 d6 7. d4 Qe8 8. Re1
Ne4 9. Qc2 Qg6 10. Bf4 Nc6 11. Rad1 Bf6 12. Nb5 Qf7 13. d5 Nd8 14. Nd2 Nc5 15.
b4 Na6 16. a3 e5 17. Be3 Qe8 18. f3 f4 19. Bf2 fxg3 20. hxg3 Nf7 21. Ne4 Ng5 22.
Nxg5 Bxg5 23. Nc3 Bf5 24. Ne4 Qg6 25. c5 Rf7 26. Qc4 Bxe4 27. Qxe4 Qxe4 28. fxe4
Raf8 29. Bf3 g6 30. cxd6 cxd6 31. Bxa7 Nc7 32. Bb6 Nb5 33. Bg4 Kg7 34. Be6 Re7
35. a4 Nc3 36. Ra1 Nxe4 37. Kg2 Bd2 38. Reb1 Bc3 39. Ra2 Ng5 40. e3 Nxe6 41.
dxe6 e4 42. b5 Be5 43. a5 Rxe6 44. a6 bxa6 45. bxa6 Re7 46. Rb4 Ra8 47. Rxe4 Kf6 1-0

[Event "29th Czech Open B 2018"]
[Site "Pardubice CZE"]
[Date "2018.07.27"]
[Round "8.2"]
[White "Pekar, Vaclav"]
[Black "Aliferenko, Aleksei"]
[Result "1/2-1/2"]
[WhiteElo "2162"]
[BlackElo "2211"]
[WhiteFideId "323799"]
[BlackFideId "14111977"]
[EventDate "2018.07.20"]

1. d4 Nf6 2. Bf4 g6 3. e3 Bg7 4. Nf3 O-O 5. h3 d6 6. Be2 Nc6 7. O-O e5 8. dxe5
Ne4 9. Nbd2 dxe5 10. Bh2 Nxd2 11. Nxd2 Qe7 12. c3 Rd8 13. Qc2 Bf5 14. e4 Bxh3
15. Rfd1 Qg5 16. Bg3 Be6 17. Nf3 Qe7 18. Bb5 Bg4 19. Bxc6 bxc6 20. Bh4 Bf6 21.
Bxf6 Qxf6 22. Rxd8+ Rxd8 23. Rd1 Bxf3 24. gxf3 Qg5+ 25. Kh2 Re8 26. Qd2 Qf6 27.
Kg2 Kg7 28. Qe3 a6 29. b3 Re6 30. Rd7 Rd6 31. Rxd6 Qxd6 32. b4 Qe6 33. Qa7 Qc4
34. a4 Qxc3 35. Qxa6 Qxb4 36. Qxc6 Qa5 37. Qd5 Qxa4 38. Qxe5+ Kg8 39. Qxc7 Qd4
40. Qe7 Kg7 41. f4 Qf6 42. Qxf6+ Kxf6 43. Kg3 Ke6 44. Kg4 f6 45. Kh4 Ke7 46. Kg4
Kd6 47. Kh4 Kd7 48. Kg4 Ke6 49. Kh4 f5 50. f3 h6 51. Kg3 Kf6 52. Kh3 Ke6 53. Kh4
Kf6 54. Kh3 Ke6 55. Kh4 1/2-1/2

[Event "29th Czech Open B 2018"]
[Site "Pardubice CZE"]
[Date "2018.07.27"]
[Round "8.3"]
[White "Gabr, Mohsen"]
[Black "Smirnov, Boris"]
[Result "1-0"]
[WhiteTitle "FM"]
[WhiteElo "2287"]
[BlackElo "2200"]
[WhiteFideId "10619593"]
[BlackFideId "4149971"]
[EventDate "2018.07.20"]

1. Nf3 g6 2. c4 Bg7 3. Nc3 d6 4. d4 Nd7 5. g3 e5 6. Bg2 Ne7 7. O-O O-O 8. e4 Nc6
9. d5 Ne7 10. a3 a5 11. Rb1 b6 12. Be3 Ba6 13. b3 h6 14. Qd2 Kh7 15. Rfc1 f5 16.
Ne1 fxe4 17. Nxe4 Nf5 18. b4 Nxe3 19. Qxe3 Nf6 20. bxa5 bxa5 21. Nf3 Bc8 22.
Nfd2 Bf5 23. Rb7 Qc8 24. Rcb1 Nd7 25. R1b2 Rd8 26. c5 Nb6 27. R2xb6 1-0